000 00413nam a22001337a 4500
003 MACL
005 20190515122649.0
008 190515b xxu||||| |||| 00| 0 eng d
040 _c MACL
100 _4वर्मा श्‍याम बहादुर , वर्मा मधु
245 _aवृहद विश्‍व सूक्ति कोश
630 _lकोश
_974826
942 _2ddc
_cHIN
999 _c59728
_d59728